| 000 | 00716cam a2200253 4500 | ||
|---|---|---|---|
| 001 | M2175 | ||
| 008 | 090401t xxu||||| |||| 00| 0 eng d | ||
| 035 | _a(Sirsi) u36951 | ||
| 041 | _aeng | ||
| 050 | _a333.0062 | ||
| 090 | _aRICS 1990/113A | ||
| 110 |
_aRoyal Institution of Chartered Surveyors _94900 |
||
| 245 | 4 | _aThe special nature of leisure and licensed properties. | |
| 260 |
_aLondon _bRICS _c1990? |
||
| 300 | _a1 folded sheet ; 21x10cm . | ||
| 350 | _a0 | ||
| 520 | _aPublicity leaflet. | ||
| 650 | _aABOUT RICS-RICS MEMBERS | ||
| 650 | _aLEISURE PROPERTY | ||
| 650 | _aLICENSED PROPERTY | ||
| 690 | _aMANAGEMENT-BUSINESS MANAGEMENT-PROFESSIONAL PRACTICE | ||
| 942 | _n0 | ||
| 948 | _c04/03/1997 | ||
| 999 |
_c90410 _d90410 |
||